Carpeta jornades Mancomunitat de Catalunya, 1914-2014
Descripción Física:
30 x 23 cm
Materias:
Catalunya. -- Mancomunitat
MARC
| LEADER | 00000nam a2200000Ia 4500 | ||
|---|---|---|---|
| 001 | 23732 | ||
| 008 | 160829s2014 xx 000 0 cat d | ||
| 080 | |a NBM-7-11 | ||
| 245 | |a Carpeta jornades Mancomunitat de Catalunya, 1914-2014 | ||
| 260 | |a Barcelona : |b Diputació de Barcelona. Àrea de Presidència, |c 2014 | ||
| 300 | |a 30 x 23 cm | ||
| 610 | 2 | 0 | |a Catalunya. |b Mancomunitat |9 53015 |
| 710 | |a Barcelona (Catalunya : Província). |b Àrea de Presidència |9 52558 | ||
| 710 | 2 | |a Catalunya. |b Mancomunitat |9 53015 | |
| 901 | |a Arxiu | ||
| 942 | |n 1 | ||
| 952 | |0 0 |1 0 |4 0 |6 NBM711 |7 1 |9 55392 |a Arxiu |b Arxiu |d 2016-12-01 |l 0 |o NBM-7-11 |p 23732 |r 2016-12-01 00:00:00 |w 2016-12-01 |y ARXIU | ||
| 999 | |c 59265 |d 59265 | ||